[Event "IND-ch Women 2019"]
[Site "Karaikkudi"]
[Date "2019.07.20"]
[Round "3.10"]
[White "Sunyasakta, Satpathy"]
[Black "Thipsay, Bagyashree Sathe"]
[Result "0-1"]
[WhiteElo "1801"]
[BlackElo "2093"]
[Annotator "NA"]
[PlyCount "128"]
[EventDate "2019.07.19"]
[EventType "swiss"]
[EventCountry "IND"]
[SourceTitle "playchess.com"]
[Source "ChessBase"]
[SourceQuality "1"]
[TimeControl "40/5400+30:1800+30"]

1. e4 {[%emt 0:00:00]} c6 {[%emt 0:00:00]} 2. c4 {[%emt 0:00:02]} d5 {[%emt 0:00:00]} 3. exd5 {[%emt 0:00:05]} cxd5 {[%emt 0:00:00]} 4. cxd5 {[%emt 0:00:07]} Nf6 {[%emt 0:00:00]} 5. Qa4+ {[%emt 0:00:20]} Nbd7 {[%emt 0:00:00]} 6. Nc3 {[%emt 0:00:20]} g6 {[%emt 0:00:22]} 7. Bc4 {[%emt 0:00:15]} Bg7 {[%emt 0:00:08]} 8. d3 {[%emt 0:00:30]} O-O {[%emt 0:00:11]} 9. Nf3 {[%emt 0:00:34]} a6 {[%emt 0:00:16]} 10. Qa3 {[%emt 0:00:28]} b6 {[%emt 0:00:05]} 11. O-O {[%emt 0:01:50]} Bb7 {[%emt 0:00:12]} 12. Re1 {[%emt 0:05:18]} Re8 {[%emt 0:00:18]} 13. d4 {[%emt 0:08:18]} b5 {[%emt 0:05:52]} 14. Bb3 {[%emt 0:08:46]} Nb6 {[%emt 0:01:03]} 15. Bg5 {[%emt 0:02:29]} Nbxd5 {[%emt 0:03:41]} 16. Nxd5 {[%emt 0:02:19]} Bxd5 {[%emt 0:02:48]} 17. Bxd5 {[%emt 0:13:21]} Nxd5 {[%emt 0:00:26]} 18. Rac1 {[%emt 0:00:45]} f6 {[%emt 0:08:01]} 19. Bd2 {[%emt 0:01:15]} Qd7 {[%emt 0:00:44]} 20. h3 {[%emt 0:13:10]} Bf8 {[%emt 0:05:54]} 21. Qd3 {[%emt 0:01:28]} Rac8 {[%emt 0:03:51]} 22. Nh4 {[%emt 0:02:50]} Kf7 {[%emt 0:01:28]} 23. Nf3 {[%emt 0:04:26]} Rxc1 {[%emt 0:03:29]} 24. Rxc1 {[%emt 0:01:25]} Rc8 {[%emt 0:00:24]} 25. Re1 {[%emt 0:02:49]} Rc6 {[%emt 0:07:37]} 26. h4 {[%emt 0:08:32]} Qf5 {[%emt 0:01:29]} 27. Qb3 {[%emt 0:01:43]} e6 {[%emt 0:00:46]} 28. a3 {[%emt 0:13:16]} Qc2 {[%emt 0:00:56]} 29. Qa2 {[%emt 0:00:25]} Qd3 {[%emt 0:00:16]} 30. Qb1 {[%emt 0:02:35]} Rc2 {[%emt 0:02:54]} 31. b4 {[%emt 0:04:37]} Bd6 {[%emt 0:14:59]} 32. Rd1 {[%emt 0:00:34]} Qf5 {[%emt 0:03:22]} 33. Rc1 {[%emt 0:00:51]} Rc4 {[%emt 0:01:59]} 34. Qxf5 {[%emt 0:00:19]} gxf5 {[%emt 0:01:34]} 35. Kf1 {[%emt 0:00:22]} Ke7 {[%emt 0:02:16]} 36. g3 {[%emt 0:00:44]} Kd7 {[%emt 0:01:00]} 37. Ke2 {[%emt 0:00:18]} Nb6 {[%emt 0:01:15]} 38. Kd3 {[%emt 0:00:25]} Kc6 {[%emt 0:00:04]} 39. Re1 {[%emt 0:00:56]} Kd5 {[%emt 0:00:33]} 40. Ng1 {[%emt 0:00:00]} Rxd4+ {[%emt 0:00:00]} 41. Kc2 {[%emt 0:00:42]} e5 {[%emt 0:02:18]} 42. Be3 {[%emt 0:02:46]} Rc4+ {[%emt 0:00:29]} 43. Kb3 {[%emt 0:00:17]} Kc6 {[%emt 0:03:00]} 44. Nf3 {[%emt 0:05:44]} Nd5 {[%emt 0:01:24]} 45. Bd2 {[%emt 0:00:22]} e4 {[%emt 0:00:32]} 46. Ng1 {[%emt 0:02:18]} f4 {[%emt 0:00:55]} 47. Ne2 {[%emt 0:02:51]} e3 {[%emt 0:06:13]} 48. fxe3 {[%emt 0:00:14]} fxe3 {[%emt 0:00:38]} 49. Bc1 {[%emt 0:01:23]} Be5 {[%emt 0:00:43]} 50. Bb2 {[%emt 0:01:38]} Kd6 {[%emt 0:00:20]} 51. Rd1 {[%emt 0:01:11]} Bxb2 {[%emt 0:00:05]} 52. Kxb2 {[%emt 0:00:04]} Ke5 {[%emt 0:00:04]} 53. Ng1 {[%emt 0:02:47]} Ke4 {[%emt 0:00:24]} 54. Rf1 {[%emt 0:00:37]} f5 {[%emt 0:01:48]} 55. Rd1 {[%emt 0:01:20]} f4 {[%emt 0:00:24]} 56. gxf4 {[%emt 0:00:13]} Nxf4 {[%emt 0:00:05]} 57. Rd7 {[%emt 0:01:31]} h5 {[%emt 0:01:24]} 58. Re7+ {[%emt 0:01:50]} Kd3 {[%emt 0:00:53]} 59. Nf3 {[%emt 0:00:26]} Ke2 {[%emt 0:01:29]} 60. Ne5 {[%emt 0:02:35]} Re4 {[%emt 0:00:37]} 61. Kc2 {[%emt 0:00:25]} Nd3 {[%emt 0:00:58]} 62. Ng6 {[%emt 0:00:45]} Rxe7 {[%emt 0:00:30]} 63. Nxe7 {[%emt 0:00:02]} Nf4 {[%emt 0:00:49]} 64. Nf5 {[%emt 0:00:58]} Kf2 {[%emt 0:00:16]} 0-1

[Event "IND-ch Women 2019"]
[Site "Karaikkudi"]
[Date "2019.07.20"]
[Round "3.11"]
[White "Vijayalakshmi, Subbaraman"]
[Black "Sanskriti Goyal"]
[Result "1-0"]
[WhiteElo "2357"]
[BlackElo "1948"]
[Annotator "TA"]
[PlyCount "35"]
[EventDate "2019.07.19"]
[EventType "swiss"]
[EventCountry "IND"]
[SourceTitle "playchess.com"]
[Source "ChessBase"]
[SourceQuality "1"]

{[%evp 12,34,1,0,21,0,12,7,46,-20,15,-203,-85,-66,-39,-100,-106,-162,-96,-105,29997,29998,29998,29999,29999]} 1. d4 Nf6 2. Nf3 e6 3. Bf4 b6 4. e3 Bb7 5. Nbd2 Be7 6. h3 O-O 7. Bd3 d6 {A47: 1 d4 Nf6 2 Nf3 b6: Torre, London and Colle Systems} (7... c5 8. O-O cxd4 9. exd4 d6 10. a4 a6 11. c4 Nc6 12. Qb3 d5 13. c5 Nd7 14. Rfc1 a5 15. cxb6 Nxb6 {0-1 (36) Naiditsch,A (2705)-Ponomariov,R (2694) Riadh 2017}) 8. e4 Nbd7 9. Qe2 Re8 {The position is equal.} 10. O-O-O (10. O-O $14) 10... c5 $146 ({Predecessor:} 10... e5 11. Bh2 exd4 12. Nxd4 Bf8 13. N2b3 Nxe4 14. Bxe4 {0-1 (30) Teshima,R (1776)-Felix,R (1884) Florianopolis 2017}) 11. Nc4 $2 {[#]} (11. e5 $1 $11 {and White stays safe.} dxe5 12. dxe5) 11... d5 (11... b5 $1 $19 {[%cal Rb5c4] has better winning chances.} 12. Nxd6 Bxd6 13. Bxd6 c4) 12. exd5 $17 Nxd5 13. Bd2 ({Better is} 13. Bg3 $15) 13... cxd4 14. Nfe5 (14. Nce5 $17 {was called for.}) 14... Nf8 (14... N5f6 $19 15. Kb1 Nc5) 15. Qh5 f6 $2 {[%mdl 8192] [#]} (15... g6 $17 16. Qe2 Qc7) 16. Bxh7+ $1 {[%mdl 512] White mates.} Nxh7 17. Qf7+ {[%mdl 64] Double Attack} Kh8 18. Ng6# {Accuracy: White = 21%, Black = 14%.} 1-0

[Event "IND-ch Women 2019"]
[Site "Karaikkudi"]
[Date "2019.07.20"]
[Round "3.12"]
[White "Gomes, Mary Ann"]
[Black "Saranya, J."]
[Result "1/2-1/2"]
[WhiteElo "2303"]
[BlackElo "2067"]
[Annotator "NA"]
[PlyCount "89"]
[EventDate "2019.07.19"]
[EventType "swiss"]
[EventCountry "IND"]
[SourceTitle "playchess.com"]
[Source "ChessBase"]
[SourceQuality "1"]
[TimeControl "40/5400+30:1800+30"]

1. Nf3 {[%emt 0:00:07]} Nf6 {[%emt 0:00:00]} 2. c4 {[%emt 0:00:08]} e6 {[%emt 0:00:13]} 3. g3 {[%emt 0:00:15]} b6 {[%emt 0:00:14]} 4. Bg2 {[%emt 0:00:06]} Bb7 {[%emt 0:00:02]} 5. b3 {[%emt 0:00:16]} d5 {[%emt 0:06:07]} 6. Bb2 {[%emt 0:00:10]} Bd6 {[%emt 0:02:01]} 7. O-O {[%emt 0:00:19]} Nbd7 {[%emt 0:02:40]} 8. d3 {[%emt 0:00:18]} O-O {[%emt 0:01:26]} 9. Nbd2 {[%emt 0:00:30]} c5 $11 {[%emt 0:04:40]} 10. cxd5 {[%emt 0:08:23]} exd5 {[%emt 0:06:56]} 11. e4 {[%emt 0:04:16]} Re8 {[%emt 0:02:43]} 12. Re1 {[%emt 0:00:18]} Qc7 {[%emt 0:03:45]} 13. Qc2 {[%emt 0:01:41]} Rad8 {[%emt 0:04:15]} 14. Nh4 {[%emt 0:03:04]} dxe4 {[%emt 0:07:37]} 15. dxe4 {[%emt 0:01:13]} Be5 {[%emt 0:03:33]} 16. Nc4 {[%emt 0:05:03]} Bxb2 {[%emt 0:01:50]} 17. Nxb2 {[%emt 0:00:06]} Ne5 {[%emt 0:03:52]} 18. Rad1 {[%emt 0:06:59]} Nc6 {[%emt 0:04:38]} 19. Rxd8 {[%emt 0:12:43]} Qxd8 {[%emt 0:05:30]} 20. Nc4 {[%emt 0:23:48]} Nd4 {[%emt 0:07:27]} 21. Qd3 {[%emt 0:01:37]} b5 {[%emt 0:05:41]} 22. Nb2 {[%emt 0:00:19]} Qa5 {[%emt 0:05:18]} 23. Qb1 {[%emt 0:00:06]} Nd5 {[%emt 0:04:55]} 24. Nd3 {[%emt 0:00:53]} Nc3 {[%emt 0:01:21]} 25. Qb2 {[%emt 0:01:25]} b4 {[%emt 0:03:45]} 26. Nf3 {[%emt 0:02:42]} Ba6 {[%emt 0:05:15]} 27. Nc1 {[%emt 0:00:13]} Qc7 {[%emt 0:03:08]} 28. a3 {[%emt 0:01:27]} Nxf3+ {[%emt 0:02:07]} 29. Bxf3 {[%emt 0:00:07]} f5 {[%emt 0:01:02]} 30. Na2 {[%emt 0:02:53]} Qa5 {[%emt 0:01:55]} 31. Nxc3 {[%emt 0:01:00]} bxc3 {[%emt 0:00:15]} 32. Qc2 {[%emt 0:02:23]} Bb7 {[%emt 0:00:43]} 33. Re3 {[%emt 0:00:11]} Qxa3 {[%emt 0:00:50]} 34. Qxc3 {[%emt 0:00:42]} fxe4 {[%emt 0:00:35]} 35. Qc4+ {[%emt 0:03:54]} Kf8 {[%emt 0:00:30]} 36. Bxe4 {[%emt 0:01:14]} Bxe4 {[%emt 0:00:33]} 37. Rxe4 {[%emt 0:00:07]} Rxe4 {[%emt 0:00:16]} 38. Qxe4 {[%emt 0:00:06]} h6 {[%emt 0:00:24]} 39. Qd5 {[%emt 0:00:21]} a5 {[%emt 0:00:45]} 40. h4 {[%emt 0:00:00]} Qb4 {[%emt 0:00:00]} 41. h5 {[%emt 0:01:02]} Ke7 {[%emt 0:03:40]} 42. Qe5+ {[%emt 0:00:12]} Kf7 {[%emt 0:00:06]} 43. Qd5+ {[%emt 0:00:45]} Ke7 {[%emt 0:00:02]} 44. Qe5+ {[%emt 0:02:13]} Kf7 {[%emt 0:00:04]} 45. Qd5+ {[%emt 0:00:05]} 1/2-1/2

[Event "IND-ch Women 2019"]
[Site "Karaikkudi"]
[Date "2019.07.20"]
[Round "3.13"]
[White "Shah, Vishwa"]
[Black "Mahalakshmi D M"]
[Result "0-1"]
[WhiteElo "1734"]
[BlackElo "1145"]
[Annotator "NA"]
[PlyCount "98"]
[EventDate "2019.07.19"]
[EventType "swiss"]
[EventCountry "IND"]
[SourceTitle "playchess.com"]
[Source "ChessBase"]
[SourceQuality "1"]
[TimeControl "40/5400+30:1800+30"]

1. e4 {[%emt 0:00:00]} c6 {[%emt 0:00:00]} 2. d4 {[%emt 0:00:00]} d5 {[%emt 0:00:00]} 3. e5 {[%emt 0:00:00]} c5 {[%emt 0:00:00]} 4. dxc5 {[%emt 0:00:00]} e6 {[%emt 0:00:36]} 5. a3 {[%emt 0:00:00]} Bxc5 {[%emt 0:01:51]} 6. b4 {[%emt 0:00:48]} Bb6 {[%emt 0:00:14]} 7. Nf3 {[%emt 0:00:23]} Ne7 {[%emt 0:01:01]} 8. Bd3 {[%emt 0:00:26]} Ng6 {[%emt 0:01:22]} 9. O-O {[%emt 0:05:14]} Qc7 {[%emt 0:01:25]} 10. Bb2 {[%emt 0:01:48]} Nf4 {[%emt 0:03:05]} 11. Re1 {[%emt 0:02:57]} Nxd3 {[%emt 0:00:22]} 12. Qxd3 {[%emt 0:01:08]} Nc6 {[%emt 0:00:53]} 13. Nbd2 {[%emt 0:01:34]} Qd8 {[%emt 0:05:41]} 14. c4 {[%emt 0:15:03]} O-O {[%emt 0:02:17]} 15. c5 {[%emt 0:11:21]} Bc7 {[%emt 0:00:08]} 16. Nb3 {[%emt 0:00:24]} Bd7 {[%emt 0:01:26]} 17. b5 {[%emt 0:12:02]} Na5 {[%emt 0:01:52]} 18. Nxa5 {[%emt 0:00:09]} Bxa5 {[%emt 0:00:01]} 19. Re3 {[%emt 0:01:27]} a6 {[%emt 0:05:13]} 20. b6 {[%emt 0:07:05]} Rc8 {[%emt 0:04:25]} 21. Bd4 {[%emt 0:01:13]} Qe7 {[%emt 0:02:46]} 22. Rb1 {[%emt 0:09:15]} h6 {[%emt 0:03:20]} 23. Qc2 {[%emt 0:08:51]} Bb5 {[%emt 0:03:48]} 24. Qb2 {[%emt 0:04:12]} Rxc5 {[%emt 0:04:41]} 25. Bxc5 {[%emt 0:00:05]} Qxc5 {[%emt 0:00:02]} 26. Nd4 {[%emt 0:00:12]} Ba4 {[%emt 0:11:44]} 27. Nb3 {[%emt 0:01:25]} Qxb6 {[%emt 0:02:18]} 28. Nxa5 {[%emt 0:00:06]} Qxa5 {[%emt 0:00:02]} 29. Qb4 {[%emt 0:07:17]} Qxb4 {[%emt 0:01:01]} 30. Rxb4 {[%emt 0:00:13]} Rc8 {[%emt 0:00:17]} 31. Re1 {[%emt 0:05:03]} b5 {[%emt 0:03:28]} 32. Kf1 {[%emt 0:01:33]} a5 {[%emt 0:03:55]} 33. Rd4 {[%emt 0:00:07]} Bb3 {[%emt 0:00:30]} 34. Rb1 {[%emt 0:01:41]} Rc3 {[%emt 0:01:54]} 35. Ke1 {[%emt 0:00:13]} f6 {[%emt 0:02:28]} 36. Kd2 {[%emt 0:02:00]} Rc2+ {[%emt 0:00:44]} 37. Kd3 {[%emt 0:00:11]} a4 {[%emt 0:01:55]} 38. exf6 {[%emt 0:01:03]} gxf6 {[%emt 0:00:32]} 39. Ke3 {[%emt 0:00:25]} Bc4 {[%emt 0:01:50]} 40. Ra1 {[%emt 0:00:00]} e5 {[%emt 0:00:00]} 41. Rg4+ {[%emt 0:03:21]} Kf7 {[%emt 0:02:32]} 42. f4 {[%emt 0:00:44]} f5 {[%emt 0:07:25]} 43. Rh4 {[%emt 0:00:50]} d4+ {[%emt 0:00:05]} 44. Kf3 {[%emt 0:00:11]} e4+ {[%emt 0:00:04]} 45. Kg3 {[%emt 0:00:08]} Rc3+ {[%emt 0:00:12]} 46. Kf2 {[%emt 0:00:10]} e3+ {[%emt 0:00:07]} 47. Ke1 {[%emt 0:00:14]} d3 {[%emt 0:00:07]} 48. Rh3 {[%emt 0:00:48]} d2+ {[%emt 0:00:26]} 49. Kd1 {[%emt 0:00:02]} Bb3+ {[%emt 0:00:17]} 0-1

[Event "IND-ch Women 2019"]
[Site "Karaikkudi"]
[Date "2019.07.20"]
[Round "3.14"]
[White "Priyanka, Kumari"]
[Black "ThamaraiSelvi, P."]
[Result "1-0"]
[WhiteElo "1991"]
[BlackElo "1752"]
[Annotator "NA"]
[PlyCount "59"]
[EventDate "2019.07.19"]
[EventType "swiss"]
[EventCountry "IND"]
[SourceTitle "playchess.com"]
[Source "ChessBase"]
[SourceQuality "1"]
[TimeControl "40/5400+30:1800+30"]

1. e4 {[%emt 0:00:06]} c5 {[%emt 0:00:00]} 2. Nf3 {[%emt 0:00:30]} e6 {[%emt 0:00:00]} 3. d4 {[%emt 0:00:10]} cxd4 {[%emt 0:00:00]} 4. Nxd4 {[%emt 0:00:03]} a6 {[%emt 0:00:00]} 5. Bd3 {[%emt 0:00:18]} Nc6 {[%emt 0:01:43]} 6. Nxc6 {[%emt 0:00:25]} dxc6 {[%emt 0:00:28]} 7. Nd2 {[%emt 0:01:19]} e5 {[%emt 0:05:09]} 8. Nc4 {[%emt 0:01:24]} Nf6 {[%emt 0:01:09]} 9. O-O {[%emt 0:05:57]} Qc7 {[%emt 0:02:20]} 10. a4 {[%emt 0:00:58]} Be6 {[%emt 0:06:48]} 11. Qe2 {[%emt 0:01:49]} Bc5 {[%emt 0:06:36]} 12. Bg5 {[%emt 0:19:27]} Nd7 {[%emt 0:02:43]} 13. c3 {[%emt 0:04:30]} f6 {[%emt 0:05:45]} 14. Be3 {[%emt 0:02:34]} O-O {[%emt 0:03:06]} 15. b4 {[%emt 0:03:01]} Bxe3 {[%emt 0:01:51]} 16. Nxe3 {[%emt 0:00:35]} b5 {[%emt 0:09:10]} 17. c4 {[%emt 0:05:07]} a5 {[%emt 0:17:18]} 18. cxb5 {[%emt 0:05:15]} axb4 {[%emt 0:01:45]} 19. Bc4 {[%emt 0:01:23]} Bf7 {[%emt 0:05:14]} 20. Rfc1 {[%emt 0:13:59]} c5 {[%emt 0:04:32]} 21. Nd5 {[%emt 0:03:12]} Qd8 {[%emt 0:03:22]} 22. Rd1 {[%emt 0:07:42]} Kh8 {[%emt 0:00:29]} 23. Ne3 {[%emt 0:02:36]} Qc7 {[%emt 0:10:06]} 24. a5 {[%emt 0:01:23]} Rxa5 {[%emt 0:07:41]} 25. Rxa5 {[%emt 0:00:47]} Qxa5 {[%emt 0:00:04]} 26. Rxd7 {[%emt 0:00:20]} b3 {[%emt 0:02:44]} 27. Bxf7 {[%emt 0:02:41]} Qa1+ {[%emt 0:01:24]} 28. Rd1 {[%emt 0:00:29]} b2 {[%emt 0:00:35]} 29. Qe1 {[%emt 0:00:37]} Ra8 {[%emt 0:00:21]} 30. Rb1 {[%emt 0:01:15]} 1-0

[Event "IND-ch Women 2019"]
[Site "Karaikkudi"]
[Date "2019.07.20"]
[Round "3.15"]
[White "Dhyana Patel"]
[Black "Varshini, V."]
[Result "1/2-1/2"]
[WhiteElo "1900"]
[BlackElo "2087"]
[Annotator "NA"]
[PlyCount "61"]
[EventDate "2019.07.19"]
[EventType "swiss"]
[EventCountry "IND"]
[SourceTitle "playchess.com"]
[Source "ChessBase"]
[SourceQuality "1"]
[TimeControl "40/5400+30:1800+30"]

1. e4 {[%emt 0:00:00]} c5 {[%emt 0:00:00]} 2. Nf3 {[%emt 0:00:04]} d6 {[%emt 0:00:00]} 3. d4 {[%emt 0:00:04]} cxd4 {[%emt 0:00:00]} 4. Qxd4 {[%emt 0:00:07]} Nc6 {[%emt 0:00:00]} 5. Bb5 {[%emt 0:00:05]} Bd7 {[%emt 0:00:28]} 6. Bxc6 {[%emt 0:00:06]} Bxc6 {[%emt 0:00:05]} 7. Nc3 {[%emt 0:00:06]} Nf6 {[%emt 0:00:16]} 8. Bg5 {[%emt 0:00:16]} e6 {[%emt 0:00:18]} 9. O-O-O {[%emt 0:00:20]} Be7 {[%emt 0:00:08]} 10. Qd3 {[%emt 0:00:18]} O-O {[%emt 0:00:34]} 11. Nd4 {[%emt 0:00:11]} Rc8 {[%emt 0:11:13]} 12. f4 {[%emt 0:01:07]} Qb6 {[%emt 0:12:17]} 13. h4 {[%emt 0:01:47]} Rfe8 {[%emt 0:02:48]} 14. f5 {[%emt 0:00:43]} e5 {[%emt 0:16:28]} 15. Bxf6 {[%emt 0:01:24]} Bxf6 {[%emt 0:03:22]} 16. Nxc6 {[%emt 0:02:09]} bxc6 {[%emt 0:00:27]} 17. g4 {[%emt 0:02:52]} Rb8 {[%emt 0:08:52]} 18. b3 {[%emt 0:00:17]} Qa5 {[%emt 0:03:11]} 19. g5 {[%emt 0:00:57]} Bd8 {[%emt 0:01:00]} 20. f6 {[%emt 0:04:49]} Bb6 {[%emt 0:04:37]} 21. Na4 {[%emt 0:01:39]} d5 {[%emt 0:05:21]} 22. h5 {[%emt 0:08:59]} Qb4 {[%emt 0:16:45]} 23. g6 {[%emt 0:05:29]} Bd8 {[%emt 0:05:57]} 24. exd5 {[%emt 0:11:02]} e4 {[%emt 0:02:41]} 25. gxf7+ {[%emt 0:02:54]} Kxf7 {[%emt 0:00:03]} 26. Qc3 {[%emt 0:05:07]} Qxc3 {[%emt 0:02:26]} 27. Nxc3 {[%emt 0:00:01]} Bxf6 {[%emt 0:00:12]} 28. Ne2 {[%emt 0:00:12]} Bg5+ {[%emt 0:02:29]} 29. Kb2 {[%emt 0:00:27]} cxd5 {[%emt 0:01:21]} 30. Rxd5 {[%emt 0:00:10]} h6 {[%emt 0:01:41]} 31. c4 {[%emt 0:00:43]} 1/2-1/2

[Event "IND-ch Women 2019"]
[Site "Karaikkudi"]
[Date "2019.07.20"]
[Round "3.16"]
[White "Mrudul Dehankar"]
[Black "Shetye, Siddhali"]
[Result "1-0"]
[WhiteElo "2074"]
[BlackElo "1837"]
[Annotator "NA"]
[PlyCount "57"]
[EventDate "2019.07.19"]
[EventType "swiss"]
[EventCountry "IND"]
[SourceTitle "playchess.com"]
[Source "ChessBase"]
[SourceQuality "1"]
[TimeControl "40/5400+30:1800+30"]

1. e4 {[%emt 0:00:00]} e5 {[%emt 0:00:00]} 2. Nf3 {[%emt 0:00:00]} Nc6 {[%emt 0:00:00]} 3. Bb5 {[%emt 0:00:03]} a6 {[%emt 0:00:06]} 4. Ba4 {[%emt 0:00:07]} Nf6 {[%emt 0:00:09]} 5. O-O {[%emt 0:00:06]} b5 {[%emt 0:02:53]} 6. Bb3 {[%emt 0:00:07]} Bc5 {[%emt 0:00:08]} 7. d3 {[%emt 0:01:50]} d6 {[%emt 0:02:43]} 8. a4 {[%emt 0:09:46]} Rb8 {[%emt 0:02:54]} 9. c3 {[%emt 0:02:29]} Bb6 {[%emt 0:06:01]} 10. Nbd2 {[%emt 0:11:18]} O-O {[%emt 0:03:10]} 11. h3 {[%emt 0:02:30]} h6 {[%emt 0:01:25]} 12. Re1 {[%emt 0:01:37]} Re8 {[%emt 0:03:26]} 13. Nf1 {[%emt 0:04:34]} Ne7 {[%emt 0:03:44]} 14. Nh4 {[%emt 0:03:08]} Be6 {[%emt 0:37:36]} 15. Bc2 {[%emt 0:11:33]} Ng6 {[%emt 0:12:32]} 16. Nxg6 {[%emt 0:20:38]} fxg6 {[%emt 0:00:02]} 17. d4 {[%emt 0:05:18]} Nh5 {[%emt 0:07:53]} 18. Be3 {[%emt 0:09:47]} Rf8 {[%emt 0:04:19]} 19. Bb3 {[%emt 0:03:30]} Bxb3 {[%emt 0:02:31]} 20. Qxb3+ {[%emt 0:00:02]} Kh7 {[%emt 0:00:13]} 21. axb5 {[%emt 0:03:21]} axb5 {[%emt 0:00:10]} 22. Qd1 {[%emt 0:03:45]} Nf4 {[%emt 0:03:22]} 23. Bxf4 {[%emt 0:05:16]} Rxf4 {[%emt 0:00:42]} 24. Re2 {[%emt 0:00:36]} exd4 {[%emt 0:01:46]} 25. cxd4 Qf6 {[%emt 0:02:18]} 26. g3 {[%emt 0:00:57]} Rf3 {[%emt 0:01:41]} 27. Nh2 {[%emt 0:00:22]} Rxf2 {[%emt 0:00:55]} 28. Ng4 {[%emt 0:01:20]} h5 {[%emt 0:01:21]} 29. Nh2 {[%emt 0:00:30]} 1-0

[Event "IND-ch Women 2019"]
[Site "Karaikkudi"]
[Date "2019.07.20"]
[Round "3.17"]
[White "Senthamizh Yazhini S"]
[Black "Srija, Seshadri"]
[Result "0-1"]
[WhiteElo "1622"]
[BlackElo "2306"]
[Annotator "NA"]
[PlyCount "84"]
[EventDate "2019.07.19"]
[EventType "swiss"]
[EventCountry "IND"]
[SourceTitle "playchess.com"]
[Source "ChessBase"]
[SourceQuality "1"]
[TimeControl "40/5400+30:1800+30"]

1. e4 {[%emt 0:00:00]} e5 {[%emt 0:00:00]} 2. Nf3 {[%emt 0:00:00]} Nc6 {[%emt 0:00:00]} 3. d4 {[%emt 0:00:00]} exd4 {[%emt 0:00:11]} 4. Nxd4 {[%emt 0:00:00]} Nf6 {[%emt 0:01:02]} 5. Nxc6 {[%emt 0:00:07]} bxc6 {[%emt 0:00:08]} 6. Bd3 {[%emt 0:00:31]} d5 {[%emt 0:02:49]} 7. exd5 {[%emt 0:00:31]} cxd5 {[%emt 0:00:08]} 8. O-O {[%emt 0:00:28]} Be7 {[%emt 0:00:50]} 9. Re1 {[%emt 0:03:33]} O-O {[%emt 0:00:32]} 10. Nd2 {[%emt 0:01:58]} Rb8 {[%emt 0:10:27]} 11. c4 {[%emt 0:02:41]} Be6 $11 {[%emt 0:06:36]} 12. Qc2 {[%emt 0:01:55]} Bb4 {[%emt 0:08:42]} 13. Rd1 {[%emt 0:18:57]} Qe7 {[%emt 0:07:59]} 14. Nb3 {[%emt 0:04:03]} dxc4 {[%emt 0:13:40]} 15. Bxc4 {[%emt 0:00:39]} Ng4 {[%emt 0:01:08]} 16. h3 {[%emt 0:06:36]} Nxf2 {[%emt 0:01:58]} 17. Kxf2 {[%emt 0:12:45]} Qh4+ {[%emt 0:00:10]} 18. g3 {[%emt 0:00:40]} Qxh3 {[%emt 0:04:49]} 19. Bf1 {[%emt 0:10:56]} Qh2+ {[%emt 0:08:27]} 20. Bg2 {[%emt 0:00:35]} Bd6 {[%emt 0:00:41]} 21. Qd3 {[%emt 0:04:39]} Bh3 {[%emt 0:03:43]} 22. Rg1 {[%emt 0:05:28]} Rfe8 {[%emt 0:02:31]} 23. Bd2 {[%emt 0:09:29]} Re6 {[%emt 0:02:42]} 24. Bc3 {[%emt 0:05:37]} Rg6 {[%emt 0:00:21]} 25. g4 {[%emt 0:02:58]} Bxg4 {[%emt 0:01:58]} 26. Rae1 {[%emt 0:02:37]} Bd7 {[%emt 0:01:48]} 27. Re3 {[%emt 0:01:35]} Bc6 {[%emt 0:01:44]} 28. Rf3 {[%emt 0:01:19]} Qh4+ {[%emt 0:01:35]} 29. Ke3 {[%emt 0:00:58]} Bxf3 {[%emt 0:00:11]} 30. Bxf3 {[%emt 0:02:10]} Rxg1 {[%emt 0:00:08]} 31. Qd4 {[%emt 0:00:48]} Qg5+ {[%emt 0:02:03]} 32. Kd3 {[%emt 0:00:36]} Qg3 {[%emt 0:01:33]} 33. Nd2 {[%emt 0:00:19]} Bf4 {[%emt 0:01:03]} 34. b4 {[%emt 0:00:39]} Bxd2 {[%emt 0:01:44]} 35. Kxd2 {[%emt 0:00:09]} Qe1+ {[%emt 0:01:11]} 36. Kd3 {[%emt 0:00:25]} Qb1+ {[%emt 0:00:42]} 37. Ke3 {[%emt 0:00:42]} Re8+ {[%emt 0:00:43]} 38. Kd2 {[%emt 0:00:20]} Qxa2+ {[%emt 0:00:34]} 39. Kd3 {[%emt 0:00:06]} Rg3 {[%emt 0:00:17]} 40. Qd7 {[%emt 0:00:00]} Rxf3+ {[%emt 0:00:00]} 41. Kd4 {[%emt 0:00:58]} Rf4+ {[%emt 0:00:33]} 42. Kc5 {[%emt 0:00:16]} Qc4# {[%emt 0:12:00] Kd4} 0-1

[Event "IND-ch Women 2019"]
[Site "Karaikkudi"]
[Date "2019.07.20"]
[Round "3.18"]
[White "Mudaliar Nandini"]
[Black "Priyanka Nutakki"]
[Result "0-1"]
[WhiteElo "1609"]
[BlackElo "2293"]
[Annotator "NA"]
[PlyCount "70"]
[EventDate "2019.07.19"]
[EventType "swiss"]
[EventCountry "IND"]
[SourceTitle "playchess.com"]
[Source "ChessBase"]
[SourceQuality "1"]
[TimeControl "40/5400+30:1800+30"]

1. e4 {[%emt 0:01:39]} e6 {[%emt 0:00:00]} 2. Nc3 {[%emt 0:00:59]} d5 {[%emt 0:00:00]} 3. Nf3 {[%emt 0:00:35]} Nf6 {[%emt 0:02:27]} 4. exd5 {[%emt 0:02:19]} exd5 {[%emt 0:00:07]} 5. d4 {[%emt 0:00:17]} Bb4 {[%emt 0:00:36]} 6. Bd2 {[%emt 0:05:13]} O-O {[%emt 0:01:02]} 7. Be2 {[%emt 0:00:25]} c6 {[%emt 0:03:16]} 8. a3 {[%emt 0:01:45]} Bd6 {[%emt 0:00:14]} 9. Bg5 {[%emt 0:00:19]} Nbd7 $11 {[%emt 0:01:51]} 10. O-O {[%emt 0:00:26]} Qc7 {[%emt 0:01:06]} 11. Bd3 {[%emt 0:04:33]} h6 {[%emt 0:04:38]} 12. Bh4 {[%emt 0:02:20]} a5 {[%emt 0:00:55]} 13. Re1 {[%emt 0:01:21]} b5 {[%emt 0:02:19]} 14. Re2 {[%emt 0:06:51]} Bb7 {[%emt 0:02:50]} 15. Bxf6 {[%emt 0:15:06]} Nxf6 {[%emt 0:00:07]} 16. Ne5 {[%emt 0:00:11]} b4 {[%emt 0:01:42]} 17. axb4 {[%emt 0:02:45]} axb4 {[%emt 0:00:06]} 18. Na4 {[%emt 0:00:25]} Ra5 {[%emt 0:06:35]} 19. b3 {[%emt 0:00:48]} c5 {[%emt 0:07:27]} 20. Bf5 {[%emt 0:07:54]} g6 {[%emt 0:12:16]} 21. Bh3 {[%emt 0:00:32]} Rfa8 {[%emt 0:05:16]} 22. Rc1 {[%emt 0:03:20]} Ne4 {[%emt 0:00:23]} 23. f3 {[%emt 0:07:48]} Ng5 {[%emt 0:12:17]} 24. Ng4 {[%emt 0:04:46]} Kg7 {[%emt 0:04:22]} 25. dxc5 {[%emt 0:03:41]} Bxc5+ {[%emt 0:00:04]} 26. Nxc5 {[%emt 0:01:27]} Qxc5+ {[%emt 0:00:02]} 27. Kh1 {[%emt 0:01:58]} Nxh3 {[%emt 0:00:24]} 28. gxh3 {[%emt 0:00:08]} d4 {[%emt 0:01:21]} 29. Kg2 {[%emt 0:04:13]} h5 {[%emt 0:04:16]} 30. Re5 {[%emt 0:06:16]} Qd6 {[%emt 0:07:07]} 31. Rxa5 {[%emt 0:01:11]} Rxa5 {[%emt 0:01:04]} 32. Nf2 {[%emt 0:00:56]} Rg5+ {[%emt 0:00:09]} 33. Kh1 {[%emt 0:00:12]} Qf4 {[%emt 0:00:08]} 34. Ne4 {[%emt 0:03:17]} Qxe4 {[%emt 0:00:06]} 35. fxe4 {[%emt 0:00:10]} Bxe4+ {[%emt 0:00:04]} 0-1